Estadísticas para Banderas con más blanco

Haz click aquí para tomar la prueba!

Estadísticas generales

  • Esta prueba ha sido tomada 2.836 veces
    (1.501 desde el último reinicio)
  • La puntuación promedio es 15 de 16

Estadísticas de respuestas

Respuesta% Correcto
Corea del Sur
99%
Israel
99%
Japón
99%
Uruguay
99%
Grecia
98%
Polonia
98%
Chipre
97%
Finlandia
96%
Panamá
94%
Georgia
91%
Indonesia
88%
Malta
88%
Mónaco
87%
Argelia
85%
Singapur
83%
Afganistán
76%

Distribución de puntuación

Porcentaje por número respondido

Porcentaje de gente con cada puntuación

Historial de tus puntuaciones

No has tomado esta prueba desde el último reinicio